[Event "Tournoi Skype 030B"]
[Site "Skype"]
[Date "????.??.??"]
[Round "1.1"]
[White "Franco, Yolima"]
[Black "Conde, Ramon"]
[Result "1-0"]
[WhiteElo "1495"]
[BlackElo "1104"]
[PlyCount "65"]

1. Nf3 Nf6 2. g3 g6 3. Bg2 Bg7 4. O-O d6 5. d4 Nbd7 6. Nbd2 b6 7. c4 Bb7 8. d5
O-O 9. Nd4 Re8 10. Nc6 Qc8 11. e4 e6 12. Qf3 exd5 13. cxd5 Ne5 14. Nxe5 Rxe5
15. Re1 Bxd5 16. Re2 Bb7 17. Nc4 Rxe4 18. Bg5 Rxc4 19. Qxb7 Qxb7 20. Bxb7 Rd8
21. Re7 h6 22. Bd2 Re8 23. Rae1 Rb8 24. Bg2 Rc2 25. Bc3 Kf8 26. Rxc7 a5 27.
Ree7 Rc1+ 28. Bf1 Nd5 29. Rxf7+ Kg8 30. Rxg7+ Kf8 31. Rcf7+ Ke8 32. Ra7 Nxc3
33. Rg8# 1-0

[Event "Tournoi Skype 030B"]
[Site "Skype"]
[Date "????.??.??"]
[Round "1.2"]
[White "Schuh, David"]
[Black "Farfallini, Michel"]
[Result "0-1"]
[WhiteElo "1103"]
[BlackElo "1446"]
[PlyCount "50"]

1. d4 d5 2. Nf3 Bf5 3. Bf4 e6 4. e3 Nf6 5. Nc3 Bb4 6. Qd2 Ne4 7. Qe2 Nxc3 8.
bxc3 Bxc3+ 9. Nd2 Bxa1 10. Nb1 Nc6 11. g4 Bg6 12. h4 h6 13. h5 Bh7 14. Bg2 Qd7
15. Qd2 f6 16. a4 e5 17. dxe5 fxe5 18. Bg3 O-O-O 19. O-O Qxg4 20. c3 d4 21.
cxd4 Be4 22. Na3 Bxd4 23. Bxe4 Qxe4 24. exd4 Nxd4 25. Kh2 Nf3+ 0-1

[Event "Tournoi Skype 030B"]
[Site "Skype"]
[Date "????.??.??"]
[Round "1.3"]
[White "Scata, Laura"]
[Black "Ruiz Aguilera, Juan Jesus"]
[Result "1-0"]
[WhiteElo "1366"]
[BlackElo "1102"]
[PlyCount "85"]

1. d4 Nf6 2. Bf4 Nd5 3. Bg3 Nf6 4. e3 d5 5. Bd3 Bg4 6. Nf3 e6 7. Nbd2 Bd6 8.
Bxd6 Qxd6 9. h3 Bxf3 10. Qxf3 Nbd7 11. O-O e5 12. dxe5 Nxe5 13. Qg3 Nxd3 14.
Qxd6 cxd6 15. cxd3 O-O 16. Rac1 Rac8 17. Nb3 Nd7 18. Nd4 a6 19. Nf5 Rxc1 20.
Rxc1 Ne5 21. Rd1 Rd8 22. Ne7+ Kh8 23. Nxd5 Rc8 24. Nc3 Rg8 25. d4 Nc4 26. b3
Nb2 27. Rd2 Rc8 28. Ne2 Nc4 29. bxc4 Rxc4 30. Rb2 b5 31. d5 g6 32. f3 Kg7 33.
e4 f5 34. Ng3 Kf6 35. Kf2 h5 36. exf5 h4 37. Ne4+ Ke5 38. fxg6 Rc7 39. Rd2 Kf5
40. Nxd6+ Kxg6 41. Ne8 Rc8 42. Re2 Kf7 43. Nd6+ 1-0

[Event "Tournoi Skype 030B"]
[Site "Skype"]
[Date "????.??.??"]
[Round "1.4"]
[White "Homme, Jim"]
[Black "Khabou, Taha"]
[Result "0-1"]
[WhiteElo "1100"]
[BlackElo "1358"]
[PlyCount "74"]

1. d4 e6 2. Nf3 d5 3. Bf4 c5 4. e3 Nf6 5. Nbd2 Nc6 6. Bd3 c4 7. Be2 b5 8. c3
Bb7 9. O-O a5 10. b3 Bd6 11. Bg3 Bxg3 12. fxg3 O-O 13. bxc4 dxc4 14. Rb1 Ba6
15. Qc2 Ng4 16. h3 Nxe3 17. Qc1 Nxf1 18. Qxf1 Qd6 19. Qf2 Ne7 20. Ne5 Nd5 21.
Rc1 f6 22. Ng4 e5 23. Bf3 Rae8 24. Ne4 Qe6 25. Nc5 Qe7 26. Nxa6 Nc7 27. Nxc7
Qxc7 28. Bd5+ Kh8 29. Re1 exd4 30. Rxe8 Rxe8 31. Nxf6 gxf6 32. Qxf6+ Qg7 33.
Qxg7+ Kxg7 34. cxd4 c3 35. Bc6 Rd8 36. Bxb5 Rxd4 37. Ba4 Rxa4 0-1

[Event "Tournoi Skype 030B"]
[Site "Skype"]
[Date "????.??.??"]
[Round "1.5"]
[White "Abdulrazzaq, Mohsen"]
[Black "Huerta Lopez, Cesar Rogelio"]
[Result "1-0"]
[WhiteElo "1346"]
[BlackElo "1097"]
[PlyCount "145"]

1. e4 e5 2. Nf3 Nc6 3. Bc4 Nf6 4. Nc3 h6 5. O-O Bc5 6. Re1 Ng4 7. Re2 O-O 8. h3
Nf6 9. Na4 Bb6 10. c3 d6 11. d4 Bd7 12. Be3 exd4 13. cxd4 Nxe4 14. d5 Ne5 15.
Nxe5 dxe5 16. Bxb6 Bf5 17. Ba5 Nd6 18. Bd3 b6 19. Bb4 Re8 20. Bxf5 Nxf5 21. Qd3
Qd7 22. Nc3 a5 23. Ba3 c6 24. d6 Nxd6 25. Bxd6 Rad8 26. Rd1 b5 27. Red2 e4 28.
Nxe4 Qe6 29. Nc5 Qf6 30. Nb7 Rd7 31. Nc5 Rdd8 32. Ne4 Qg6 33. Re2 Re6 34. Qg3
Qf5 35. Qf4 Qxf4 36. Bxf4 Rxd1+ 37. Kh2 Kh7 38. Kg3 Rd4 39. Kf3 Rd3+ 40. Re3
Rd4 41. Nc5 Rf6 42. Re4 Rd2 43. Nb3 Rxb2 44. Nxa5 c5 45. Re2 Rb4 46. Re4 c4 47.
Ke3 Rb2 48. Be5 Rxa2 49. Nxc4 Rc6 50. Nb2 Ra3+ 51. Kd4 b4 52. Kd5 Rg6 53. g4 b3
54. Kc4 Rc6+ 55. Kb4 Ra8 56. Kxb3 Rb6+ 57. Rb4 Rxb4+ 58. Kxb4 Re8 59. Nc4 Re7
60. Kc3 f6 61. Bd6 Re2 62. Bg3 g6 63. Kd3 Re1 64. Ne3 g5 65. Ke4 Rh1 66. Kf5
Rxh3 67. Kxf6 h5 68. Kxg5 hxg4 69. Nxg4 Rh1 70. f4 Rh3 71. Bh4 Rd3 72. f5 Rd5
73. Nf6+ 1-0

[Event "Tournoi Skype 030B"]
[Site "Skype"]
[Date "????.??.??"]
[Round "1.6"]
[White "Dib, Catherine"]
[Black "Amato, Ludovica"]
[Result "0-1"]
[WhiteElo "1096"]
[BlackElo "1346"]
[PlyCount "32"]

1. d4 d5 2. c4 c6 3. e3 Nf6 4. Nf3 Bf5 5. Nc3 Nbd7 6. Be2 h6 7. O-O e6 8. h3
Bd6 9. Bd2 O-O 10. Rc1 e5 11. Nh4 Bh7 12. Na4 dxc4 13. Bxc4 b5 14. Bb3 bxa4 15.
Bxa4 c5 16. Nf5 Bxf5 0-1

[Event "Tournoi Skype 030B"]
[Site "Skype"]
[Date "????.??.??"]
[Round "1.7"]
[White "Luna Perez Vico, Lorenzo"]
[Black "Ladeia Pereira, Geraldo"]
[Result "1/2-1/2"]
[WhiteElo "1341"]
[BlackElo "1083"]
[PlyCount "135"]

1. e4 e5 2. Nf3 d6 3. d4 Nc6 4. dxe5 dxe5 5. Qxd8+ Kxd8 6. a3 h6 7. Be3 b6 8.
Nc3 Bd7 9. O-O-O Bc5 10. Bxc5 bxc5 11. Bb5 Nge7 12. Bc4 Ke8 13. Bxf7+ Kxf7 14.
Rxd7 Ke6 15. Rxc7 Rhd8 16. Na4 Kd6 17. Rb7 Nd4 18. Nxe5 Kxe5 19. Rxe7+ Kf6 20.
Rc7 Ne2+ 21. Kb1 Rd6 22. Rxc5 Rad8 23. Nc3 Nxc3+ 24. Rxc3 Rd1+ 25. Rxd1 Rxd1+
26. Ka2 Rd2 27. Rf3+ Ke5 28. Kb3 Kxe4 29. Kc3 Rd7 30. Rd3 Rc7+ 31. Kd2 g5 32.
f3+ Ke5 33. Re3+ Kd5 34. g4 Rc6 35. Kd3 a5 36. c4+ Rxc4 37. Re4 Rc6 38. Rd4+
Ke5 39. Rc4 Rd6+ 40. Ke3 Kd5 41. Rd4+ Ke5 42. Rxd6 Kxd6 43. Kd4 Kc6 44. a4 Kd6
45. b3 Kc6 46. Kc4 Kb6 47. Kd5 Ka6 48. Kc5 Kb7 49. Kb5 Kc7 50. Kxa5 Kd6 51. Kb5
Kd5 52. a5 Kd4 53. a6 Ke3 54. a7 Kxf3 55. a8=Q+ Kxg4 56. Qg2+ Kh4 57. Qg3+ Kh5
58. Kc5 g4 59. Kd5 Kg5 60. h4+ Kh5 61. Ke5 Kg6 62. Qxg4+ Kh7 63. h5 Kh8 64.
Qc8+ Kh7 65. Qe6 Kg7 66. Qg6+ Kh8 67. Qxh6+ Kg8 68. Kf6 1/2-1/2

[Event "Tournoi Skype 030B"]
[Site "Skype"]
[Date "????.??.??"]
[Round "1.8"]
[White "Ibanez, Bittor"]
[Black "Duthoit, Bernard"]
[Result "0-1"]
[WhiteElo "1080"]
[BlackElo "1333"]
[PlyCount "54"]

1. e4 e6 2. d4 d5 3. Bd3 c5 4. c3 Nc6 5. exd5 exd5 6. Qe2+ Qe7 7. Nf3 Qxe2+ 8.
Bxe2 cxd4 9. cxd4 Nf6 10. Bg5 Ne4 11. Bd3 Nxg5 12. Nxg5 Nxd4 13. Kd2 h6 14.
Re1+ Be7 15. Kc3 hxg5 16. Kxd4 Be6 17. Bb5+ Kf8 18. h3 a6 19. Ba4 Rh4+ 20. g4
Rxh3 21. Re3 Rxe3 22. fxe3 Bf6+ 23. Kc5 Rc8+ 24. Kd6 Bxb2 25. Bd7 Rd8 26. Na3
Bxa1 27. Kc7 Rxd7+ 0-1

[Event "Tournoi Skype 030B"]
[Site "Skype"]
[Date "????.??.??"]
[Round "1.9"]
[White "Vincent, Andre"]
[Black "Gomez Zuluaga, Jorge Adiel"]
[Result "0-1"]
[WhiteElo "1332"]
[BlackElo "1079"]
[PlyCount "112"]

1. Nf3 d5 2. d4 Nc6 3. Bf4 Nf6 4. e3 Bf5 5. c3 g6 6. Nbd2 Bg7 7. Be2 Ne4 8. O-O
Qd7 9. Ne5 Nxe5 10. dxe5 c6 11. Nxe4 Bxe4 12. Bg4 Bf5 13. h3 h5 14. Bxf5 Qxf5
15. Qb1 Qe6 16. Qd3 Bxe5 17. Bxe5 Qxe5 18. Qd4 f6 19. Qxe5 fxe5 20. e4 d4 21.
Rfd1 O-O-O 22. c4 d3 23. Rd2 Rd4 24. f3 Rxc4 25. Rxd3 Rc2 26. b3 g5 27. a3 g4
28. Rad1 gxf3 29. Rxf3 Rg8 30. Rf2 Rc3 31. Rdf1 Rcg3 32. Rf8+ Rxf8 33. Rxf8+
Kd7 34. Rf3 Rg6 35. Rf5 Rg3 36. Rf3 Rxf3 37. gxf3 b5 38. b4 a6 39. Kf2 Kd6 40.
Ke3 c5 41. bxc5+ Kxc5 42. Kd3 a5 43. Kc3 b4+ 44. Kb3 bxa3 45. Kxa3 Kd4 46. Ka4
Ke3 47. Kxa5 Kxf3 48. Kb5 Kxe4 49. Kc4 Kf5 50. Kd3 e4+ 51. Ke2 Kf4 52. Kf2 e3+
53. Ke2 e6 54. Kf1 Kf3 55. Ke1 e2 56. h4 e5 0-1

[Event "Tournoi Skype 030B"]
[Site "Skype"]
[Date "????.??.??"]
[Round "1.10"]
[White "Gerbaux, Regis"]
[Black "Codina, Teresa"]
[Result "0-1"]
[WhiteElo "1075"]
[BlackElo "1310"]
[PlyCount "28"]

1. d4 d5 2. Bf4 Nf6 3. e3 g6 4. Nf3 Bg7 5. c3 O-O 6. Nbd2 Nbd7 7. Be2 c5 8. b3
cxd4 9. cxd4 b6 10. Rc1 Nh5 11. Bg5 h6 12. Bh4 Bb7 13. Qc2 Rc8 14. Qd3 Rxc1+
0-1

[Event "Tournoi Skype 030B"]
[Site "Skype"]
[Date "????.??.??"]
[Round "1.11"]
[White "Hargez, Dany"]
[Black "Maccaferri, Massimo"]
[Result "1-0"]
[WhiteElo "1296"]
[BlackElo "1074"]
[PlyCount "37"]

1. e4 e5 2. Nf3 Nc6 3. d4 exd4 4. c3 Qe7 5. Bd3 d5 6. O-O f5 7. exd5 Nd8 8. Re1
Be6 9. Bxf5 dxc3 10. Nxc3 Kf7 11. dxe6+ Kf6 12. Bg5+ Kxf5 13. Bxe7 Bxe7 14.
Qd5+ Kg6 15. Ne5+ Kf6 16. Ne4+ Kf5 17. Nd7+ Kg6 18. Ne5+ Kf5 19. Ng3+ 1-0

[Event "Tournoi Skype 030B"]
[Site "Skype"]
[Date "????.??.??"]
[Round "1.12"]
[White "Hernandez, Enrique"]
[Black "Lago Carballo, Maria Del Carmen"]
[Result "0-1"]
[WhiteElo "1064"]
[BlackElo "1294"]
[PlyCount "76"]

1. d4 d5 2. c4 Nf6 3. Nc3 c6 4. cxd5 Nxd5 5. Nxd5 Qxd5 6. Bf4 Bf5 7. e3 Nd7 8.
Nf3 Nf6 9. Bd3 Qa5+ 10. Qd2 Qxd2+ 11. Kxd2 Bxd3 12. Kxd3 e6 13. Ne5 Be7 14. Ke2
Nd5 15. Bg3 Rd8 16. Rad1 O-O 17. Rhe1 Bb4 18. Rf1 f6 19. a3 Bxa3 20. Nc4 Be7
21. e4 Nb4 22. e5 Nc2 23. exf6 Bxf6 24. Be5 Bxe5 25. dxe5 Rd5 26. f4 Nd4+ 27.
Kf2 Nb3 28. Rxd5 cxd5 29. Rd1 dxc4 30. Rd7 Rxf4+ 31. Kg1 Rf7 32. Rd6 Re7 33.
Rd8+ Kf7 34. h4 Re8 35. Rd7+ Re7 36. Rd8 b5 37. g4 c3 38. bxc3 Rc7 0-1

[Event "Tournoi Skype 030B"]
[Site "Skype"]
[Date "????.??.??"]
[Round "1.13"]
[White "Yepes Bermudez, Maribel"]
[Black "Hernandez Lopez, Joaquin"]
[Result "0-1"]
[WhiteElo "1287"]
[BlackElo "1061"]
[PlyCount "138"]

1. e4 c5 2. Nf3 Nc6 3. c3 a6 4. d4 cxd4 5. cxd4 e6 6. Nc3 d6 7. d5 exd5 8. Nxd5
Nf6 9. Bg5 Qa5+ 10. Nc3 Be7 11. a3 O-O 12. Bd3 Bg4 13. O-O Ne5 14. Bxf6 Bxf3
15. gxf3 Bxf6 16. b4 Qd8 17. Bc2 g6 18. f4 Nc6 19. Kh1 Bxc3 20. Rc1 Bb2 21. Rb1
Bxa3 22. f5 Nxb4 23. Bb3 d5 24. fxg6 hxg6 25. exd5 Kg7 26. Qd4+ f6 27. Rg1 Rh8
28. Qg4 Rh6 29. Rbd1 f5 30. Qc4 Qh4 31. Qc7+ Kf6 32. Qc3+ Ke7 33. d6+ Kf8 34.
Rg2 Nc6 35. Ba2 Rd8 36. Qxa3 Rd7 37. Be6 Rdh7 38. d7+ Qe7 39. Qxe7+ Kxe7 40.
Bg8 Rg7 41. Bb3 Kd8 42. Rgg1 Rxd7 43. Rxd7+ Kxd7 44. Rd1+ Kc7 45. Be6 Nd8 46.
Rd7+ Kc8 47. Rh7+ Nxe6 48. Rxh6 Nf4 49. Rh8+ Kc7 50. h4 b5 51. Kh2 Kc6 52. Kg3
Nh5+ 53. Kf3 a5 54. Ke3 Kc5 55. Kd3 b4 56. Kc2 Nf4 57. Kb3 Nd3 58. Ka4 Kb6 59.
Rb8+ Ka6 60. Rb5 Nb2+ 61. Kb3 Kxb5 62. Kxb2 a4 63. f3 Kc4 64. Ka2 Kc3 65. f4 a3
66. Kb1 b3 67. h5 gxh5 68. Ka1 h4 69. Kb1 h3 0-1

[Event "Tournoi Skype 030B"]
[Site "Skype"]
[Date "????.??.??"]
[Round "1.14"]
[White "Swanepoel, Karel"]
[Black "Ponz Lazaro, Ruperto"]
[Result "0-1"]
[WhiteElo "1058"]
[BlackElo "1285"]
[PlyCount "90"]

1. e4 d5 2. exd5 Qxd5 3. Nc3 Qd6 4. Nf3 a6 5. Be2 Nc6 6. O-O Bg4 7. h3 Bh5 8.
d3 Nf6 9. Be3 e6 10. a3 O-O-O 11. b4 Nd5 12. Nxd5 exd5 13. d4 Bxf3 14. Bxf3 Na7
15. Bg4+ Kb8 16. Re1 h6 17. Qf3 f6 18. Bf4 Qc6 19. c3 Bd6 20. Re6 Rhe8 21. Bxd6
Rxe6 22. Bxe6 Qxd6 23. Bxd5 Qxd5 24. Qxd5 Rxd5 25. Re1 Nc6 26. Re8+ Rd8 27.
Rxd8+ Nxd8 28. d5 b5 29. f4 Nb7 30. g4 Nd6 31. h4 Ne4 32. g5 hxg5 33. hxg5 fxg5
34. f5 Nxc3 35. Kg2 Nxd5 36. Kg3 Ne3 37. Kf3 Nxf5 38. Kg4 Ne3+ 39. Kxg5 Nc4 40.
Kg6 Nxa3 41. Kxg7 Nc2 42. Kf6 Nxb4 43. Ke5 c5 44. Kf6 c4 45. Kf7 c3 0-1

[Event "Tournoi Skype 030B"]
[Site "Skype"]
[Date "????.??.??"]
[Round "1.15"]
[White "Roman, Sylvian"]
[Black "Ramirez, Luis Antonio"]
[Result "1-0"]
[WhiteElo "1284"]
[BlackElo "1049"]
[PlyCount "71"]

1. e4 d6 2. d4 c6 3. Nf3 Nf6 4. Nc3 g6 5. Bd3 e5 6. dxe5 dxe5 7. Nxe5 Nbd7 8.
Nf3 Bg7 9. O-O O-O 10. h3 h6 11. Be3 Nh7 12. Qd2 Ne5 13. Nxe5 Bxe5 14. Bxh6 Bg7
15. Bxg7 Kxg7 16. Rad1 Be6 17. Qe2 f6 18. Bc4 Qe7 19. Bxe6 Qxe6 20. Rd2 Rad8
21. Rxd8 Rxd8 22. Rd1 Re8 23. Qd3 Qf7 24. Qf1 Ng5 25. Rd3 f5 26. Qd1 Re7 27. h4
Ne6 28. exf5 Qxf5 29. Rf3 Qh5 30. Qd6 Qxh4 31. Qe5+ Kh7 32. Rh3 Nf8 33. Rxh4+
Kg8 34. Qxe7 Nh7 35. Rxh7 b5 36. Qf7# 1-0

[Event "Tournoi Skype 030B"]
[Site "Skype"]
[Date "????.??.??"]
[Round "1.17"]
[White "Prieto, Jairo Ovidio"]
[Black "Guevara, Lizbeth"]
[Result "1-0"]
[WhiteElo "1277"]
[BlackElo "1036"]
[PlyCount "51"]

1. e4 e5 2. d4 Nf6 3. Bg5 Be7 4. Bxf6 gxf6 5. d5 Bc5 6. c4 c6 7. Nc3 Qb6 8.
Nge2 Bxf2+ 9. Kd2 Qxb2+ 10. Kd3 cxd5 11. Nxd5 Bh4 12. Nc7+ Kd8 13. Nxa8 Na6 14.
Rb1 Nc5+ 15. Ke3 Bg5+ 16. Kf3 Nxe4 17. Rxb2 f5 18. Qd5 Bh4 19. g3 Ng5+ 20. Kg2
Rg8 21. gxh4 Ne4+ 22. Kf3 Rg7 23. Rg1 Nf6 24. Qxe5 Nh5 25. Rxg7 b6 26. Rg8# 1-0

[Event "Tournoi Skype 030B"]
[Site "Skype"]
[Date "????.??.??"]
[Round "1.18"]
[White "Bland, Marilyn"]
[Black "Sosa, Juan Carlos"]
[Result "0-1"]
[WhiteElo "1034"]
[BlackElo "1276"]
[PlyCount "104"]

1. d4 e5 2. dxe5 Nc6 3. Nf3 Qe7 4. Bf4 Qb4+ 5. Nbd2 Qxf4 6. e3 Qf5 7. Bd3 Qe6
8. O-O Nxe5 9. Be2 Nxf3+ 10. Nxf3 Nf6 11. h3 d5 12. c4 Bd6 13. Qd4 c5 14. Qc3
O-O 15. b3 Ne4 16. Qc2 Qg6 17. g4 h5 18. Nh4 Qg5 19. Ng2 hxg4 20. hxg4 Bxg4 21.
Bxg4 Qxg4 22. f3 Qh3 23. fxe4 Qh2+ 24. Kf2 Bg3+ 25. Kf3 dxe4+ 26. Kxe4 Rfe8+
27. Kf3 Bd6 28. Qf2 Re6 29. Rae1 Rf6+ 30. Nf4 Qh3+ 31. Ke4 Re8+ 32. Kd5 Bxf4
33. exf4 Rxe1 34. Qxe1 Rf5+ 35. Ke4 g6 36. a3 Qg2+ 37. Kd3 g5 38. Rf2 Qg3+ 39.
Qe3 Qxe3+ 40. Kxe3 gxf4+ 41. Rxf4 Re5+ 42. Re4 Rh5 43. Kf4 Kg7 44. Kg4 Kg6 45.
b4 f5+ 46. Kf4 fxe4 47. Kxe4 Rh4+ 48. Kd5 cxb4 49. axb4 b5 50. cxb5 Rxb4 51.
Kc5 Rb1 52. Kc6 Kf6 0-1

[Event "Tournoi Skype 030B"]
[Site "Skype"]
[Date "????.??.??"]
[Round "1.19"]
[White "Bucherie, Volcy"]
[Black "Torres, Vicky"]
[Result "1-0"]
[WhiteElo "1274"]
[BlackElo "1034"]
[PlyCount "21"]

1. d4 d5 2. c4 Nf6 3. Nc3 c6 4. Nf3 Bf5 5. cxd5 cxd5 6. Bf4 Nc6 7. Ne5 Nxe5 8.
dxe5 Ne4 9. Nxd5 Qa5+ 10. b4 Qb5 11. Nc7# 1-0

[Event "Tournoi Skype 030B"]
[Site "Skype"]
[Date "????.??.??"]
[Round "1.21"]
[White "Battaglia, Gabriele"]
[Black "Baker, Abi"]
[Result "1-0"]
[WhiteElo "1271"]
[BlackElo "1023"]
[PlyCount "65"]

1. d4 d5 2. Nf3 g6 3. e3 Bg7 4. Bd3 Nf6 5. O-O O-O 6. Nbd2 Bg4 7. c3 Nbd7 8.
Re1 c5 9. e4 c4 10. Bc2 b5 11. e5 Ne8 12. h3 Bf5 13. Bxf5 gxf5 14. Nf1 Nc7 15.
Bg5 Ne6 16. Ne3 f6 17. Bh4 Qe8 18. Nxf5 Qg6 19. Nxe7+ Kf7 20. Nxg6 hxg6 21. Qd2
Rg8 22. exf6 Nxf6 23. Bxf6 Bxf6 24. Ne5+ Kf8 25. Qh6+ Bg7 26. Nxg6+ Kf7 27. Qh5
Kf6 28. Qg4 Nf8 29. Nxf8 Bxf8 30. Qxg8 a5 31. Re6+ Kf5 32. Qg6+ Kf4 33. Qf6#
1-0

[Event "Tournoi Skype 030B"]
[Site "Skype"]
[Date "????.??.??"]
[Round "1.22"]
[White "Lognos, Lina"]
[Black "Le Bouill, Pierre"]
[Result "1-0"]
[WhiteElo "1023"]
[BlackElo "1260"]
[PlyCount "71"]

1. d4 Nf6 2. Bf4 d5 3. Nf3 h6 4. e3 e6 5. Nbd2 c6 6. c3 Be7 7. Bd3 Bd6 8. Bg3
b6 9. O-O Bb7 10. c4 O-O 11. Ne5 dxc4 12. Ndxc4 c5 13. Nxd6 Qxd6 14. Ng6 Qd5
15. Nh4 cxd4 16. Qf3 dxe3 17. Qxe3 Nbd7 18. Rfd1 Qc5 19. Qe2 Rac8 20. Bd6 Qxd6
21. Bh7+ Kxh7 22. Rxd6 Bc6 23. Rc1 Bb7 24. Rxc8 Rxc8 25. Rd1 Bd5 26. Nf3 Bxf3
27. Qxf3 Kg8 28. Qb7 Rc2 29. h3 Rxb2 30. Qxa7 Nc5 31. Rd8+ Kh7 32. Rf8 Ncd7 33.
Rxf7 Kg6 34. Rxd7 Nxd7 35. Qxd7 Rxa2 36. Qxe6+ 1-0

[Event "Tournoi Skype 030B"]
[Site "Skype"]
[Date "????.??.??"]
[Round "1.24"]
[White "Balci Gungor, Ayca"]
[Black "Hernandez Monzon, Alejandro"]
[Result "1-0"]
[WhiteElo "1019"]
[BlackElo "1242"]
[PlyCount "65"]

1. e4 c5 2. Bc4 e6 3. Nc3 Nc6 4. Nf3 g6 5. d3 Bg7 6. Be3 b6 7. O-O Nge7 8. Qd2
O-O 9. Rae1 f5 10. Ng5 Bh6 11. Nb5 d5 12. exd5 exd5 13. Bb3 a6 14. Nc3 Qd6 15.
Bf4 Bxg5 16. Bxg5 f4 17. Re4 f3 18. Rfe1 Ra7 19. Qe3 Rf7 20. Nxd5 Nf5 21. Re8+
Kg7 22. Qxf3 Ncd4 23. Qe4 Nxb3 24. axb3 Bb7 25. Qe5+ Qxe5 26. R1xe5 Bxd5 27.
Rxd5 Rae7 28. Bxe7 Nxe7 29. Rdd8 g5 30. g3 h5 31. h4 Rf5 32. Rxe7+ Rf7 33. Re5
1-0

[Event "Tournoi Skype 030B"]
[Site "Skype"]
[Date "????.??.??"]
[Round "1.25"]
[White "Jones, Malcolm"]
[Black "Kumbhar, Ashok"]
[Result "0-1"]
[WhiteElo "1240"]
[BlackElo "1018"]
[PlyCount "110"]

1. e4 e6 2. d4 d6 3. Nf3 Nc6 4. Bb5 d5 5. exd5 exd5 6. Ne5 Nge7 7. Qe2 Bd7 8.
Bxc6 Bxc6 9. a4 Qd6 10. Bd2 g6 11. Qf3 Nf5 12. c3 Bg7 13. g4 Bxe5 14. gxf5 Bxh2
15. fxg6 hxg6 16. Qe2+ Qe6 17. Qxe6+ fxe6 18. b4 O-O-O 19. b5 Be8 20. Bg5 Rd7
21. Nd2 Rf7 22. f3 Rh5 23. Be3 Bf4 24. Rxh5 gxh5 25. Bxf4 Rxf4 26. O-O-O Rh4
27. Re1 Bd7 28. Re5 Rh1+ 29. Kb2 c6 30. bxc6 Bxc6 31. Rxe6 h4 32. f4 h3 33. Rh6
Bd7 34. Rh8+ Kc7 35. Rh7 Rh2 36. Kc2 Rf2 37. f5 Rxf5 38. Rxh3 Rf7 39. a5 Bxh3
40. Kb3 Rf2 41. Nb1 Bf5 42. Na3 Kc6 43. c4 dxc4+ 44. Nxc4 Be6 45. Kb4 Bxc4 46.
Kxc4 Rf4 47. Kc3 Kd5 48. Kb4 a6 49. Kc3 Rxd4 50. Kc2 Kc4 51. Kb2 Rd3 52. Kc2
Rd4 53. Kb2 Kd3 54. Kb3 Rc4 55. Ka3 Kc2 0-1

[Event "Tournoi Skype 030B"]
[Site "Skype"]
[Date "????.??.??"]
[Round "1.26"]
[White "Hernandez, Ivan"]
[Black "Conde, Abigail"]
[Result "0-1"]
[WhiteElo "1016"]
[BlackElo "1234"]
[PlyCount "78"]

1. e4 c5 2. Nf3 e6 3. Bc4 a6 4. d4 b5 5. Bd3 c4 6. Be2 d5 7. e5 Qa5+ 8. Bd2 b4
9. c3 b3 10. a3 Ne7 11. Ng5 Ng6 12. g3 Nd7 13. h4 f6 14. h5 Ne7 15. Nf3 Nf5 16.
g4 Nh6 17. Nh4 fxe5 18. g5 Nf5 19. Nxf5 exf5 20. f4 e4 21. Be3 Bd6 22. O-O Nf8
23. g6 hxg6 24. Kg2 Be6 25. Nd2 Bf7 26. Rh1 Ne6 27. hxg6 O-O-O 28. Kg3 Bxg6 29.
Rxh8 Rxh8 30. Bg4 Qd8 31. Nf1 Qh4+ 32. Kg2 fxg4 33. Ng3 Qh3+ 34. Kf2 Qh2+ 35.
Ke1 Qxg3+ 36. Bf2 Rh1+ 37. Ke2 Qf3+ 38. Kd2 Qd3+ 39. Kc1 Rxd1# 0-1

[Event "Tournoi Skype 030B"]
[Site "Skype"]
[Date "????.??.??"]
[Round "1.27"]
[White "Sanchez Padilla, Armando Edilber"]
[Black "Grib, Jessica"]
[Result "1-0"]
[WhiteElo "1225"]
[BlackElo "1012"]
[PlyCount "67"]

1. e4 e5 2. Nf3 Nc6 3. Bb5 Nf6 4. d3 d6 5. c3 Bd7 6. Ng5 Qe7 7. Bc4 Be6 8. Qb3
O-O-O 9. Bxe6+ fxe6 10. Nxe6 Rd7 11. h3 Na5 12. Qb5 c6 13. Qxa5 a6 14. Ng5 g6
15. Be3 Bg7 16. Qb6 d5 17. Qa7 d4 18. Bd2 c5 19. c4 h6 20. Nf3 Qd6 21. Ba5 Nh5
22. Bb6 Rc7 23. Bxc7 Qxc7 24. Nbd2 Nf4 25. O-O Ne2+ 26. Kh1 g5 27. Nb3 h5 28.
Nxg5 h4 29. Ne6 Qf7 30. Qxc5+ Kb8 31. Qd6+ Kc8 32. Rae1 Ng3+ 33. fxg3 Qh5 34.
Qc7# 1-0

[Event "Tournoi Skype 030B"]
[Site "Skype"]
[Date "????.??.??"]
[Round "1.28"]
[White "Barajas, Nestor"]
[Black "Malbec, Robert"]
[Result "0-1"]
[WhiteElo "1007"]
[BlackElo "1223"]
[PlyCount "52"]

1. e4 e5 2. Nf3 Nc6 3. Bc4 Bc5 4. c3 Nf6 5. d4 exd4 6. cxd4 Bb4+ 7. Bd2 Bxd2+
8. Nbxd2 d6 9. O-O O-O 10. Re1 Bg4 11. h3 Bh5 12. Qc2 a6 13. e5 dxe5 14. dxe5
Nd7 15. Re3 Bxf3 16. Rxf3 Ndxe5 17. Rf4 Nxc4 18. Rxc4 Rc8 19. Nf3 Re8 20. Rd1
Qf6 21. Rh4 g6 22. Rd5 Ne5 23. Qc3 Nxf3+ 24. gxf3 Qxh4 25. Kg2 Qe7 26. Re5 Qxe5
0-1

[Event "Tournoi Skype 030B"]
[Site "Skype"]
[Date "????.??.??"]
[Round "1.29"]
[White "Moumtaz, Abderrahim"]
[Black "Latterra, Jeremias"]
[Result "1-0"]
[WhiteElo "1213"]
[BlackElo "1006"]
[PlyCount "22"]

1. d4 Nf6 2. c4 d5 3. cxd5 Qxd5 4. Nc3 Qd8 5. e4 Nc6 6. Nf3 Bg4 7. Be3 e6 8. h3
Nxe4 9. Nxe4 Bb4+ 10. Nc3 Ne5 11. hxg4 Nxg4 1-0

[Event "Tournoi Skype 030B"]
[Site "Skype"]
[Date "????.??.??"]
[Round "1.30"]
[White "Fuentes, Francisco"]
[Black "Felippe E Silva, Glenda"]
[Result "0-1"]
[WhiteElo "1005"]
[BlackElo "1207"]
[PlyCount "42"]

1. e4 c6 2. d4 d5 3. e5 Bf5 4. Nf3 e6 5. Bg5 Be7 6. Be3 Nd7 7. Bd3 Bxd3 8. Qxd3
Rc8 9. Nbd2 a6 10. O-O-O Qc7 11. Nb3 Nb6 12. Bf4 h6 13. Rhe1 Bf8 14. Nfd2 Ne7
15. Qe2 Nf5 16. Qh5 c5 17. Nf3 cxd4 18. Nbxd4 Nxd4 19. Nxd4 Bc5 20. Nxe6 Be3+
21. Rxe3 Qxc2# 0-1

[Event "Tournoi Skype 030B"]
[Site "Skype"]
[Date "????.??.??"]
[Round "1.31"]
[White "Fouques Duparc, Paulin"]
[Black "Vasquez Donaire, Ivis Godofredo"]
[Result "1-0"]
[WhiteElo "1207"]
[BlackElo "1003"]
[PlyCount "89"]

1. b4 e5 2. Bb2 Qe7 3. a3 Nc6 4. c4 a6 5. g3 Nf6 6. Bg2 Ne4 7. Bxe4 Qf6 8. e3
Be7 9. Ne2 O-O 10. O-O d6 11. Bg2 Bg4 12. h3 Bf5 13. d3 Be6 14. Nbc3 Rad8 15.
Nd5 Bxd5 16. cxd5 Nb8 17. Rc1 c6 18. a4 cxd5 19. Bxd5 Qh6 20. Kh2 Nd7 21. Bxb7
Nf6 22. Bg2 Ng4+ 23. Kg1 d5 24. Rc7 Nxe3 25. fxe3 Qxe3+ 26. Kh2 Bxb4 27. Bc1
Qb6 28. Qc2 Bd6 29. Rc6 Qb8 30. Bxd5 Be7 31. Be4 Bd6 32. Be3 Rde8 33. Bc5 Bxc5
34. Rxc5 Re6 35. Rc1 Qe8 36. Rc8 Qe7 37. Rxf8+ Qxf8 38. Qc8 h5 39. Qxf8+ Kxf8
40. Rc8+ Ke7 41. Nc3 Kf6 42. Nd5+ Kg5 43. Rc7 h4 44. g4 Rb6 45. Nxb6 1-0

[Event "Tournoi Skype 030B"]
[Site "Skype"]
[Date "????.??.??"]
[Round "1.32"]
[White "Achicanoy, Yolanda"]
[Black "Moraga Vasquez, Michael"]
[Result "0-1"]
[WhiteElo "1000"]
[BlackElo "1206"]
[PlyCount "80"]

1. e4 e5 2. Bc4 Nc6 3. Qh5 Qe7 4. Bxf7+ Qxf7 5. Qe2 Nd4 6. Qd1 Nf6 7. c3 Nc6 8.
Nf3 Nxe4 9. d3 Nf6 10. Ng5 Qe7 11. Nd2 h6 12. Ngf3 d5 13. O-O Bg4 14. h3 Bxf3
15. Nxf3 O-O-O 16. Be3 e4 17. Nh4 Qf7 18. Qb3 exd3 19. a4 Be7 20. a5 a6 21. Qa4
Ne4 22. f3 Ng3 23. Rf2 g5 24. b4 gxh4 25. b5 Ne2+ 26. Rxe2 dxe2 27. Re1 Qg6 28.
bxc6 Qxc6 29. Qb3 Rhg8 30. Kf2 Qg6 31. Rxe2 Qxg2+ 32. Ke1 Qh1+ 33. Kd2 Rg2 34.
Kd3 Rxe2 35. Kxe2 Qxh3 36. Bxh6 Re8 37. Qxd5 Bg5+ 38. Kf2 Bxh6 39. c4 Qg3+ 40.
Kf1 Re1# 0-1

[Event "Tournoi Skype 030B"]
[Site "Skype"]
[Date "????.??.??"]
[Round "1.33"]
[White "Alarcon Alarcon, Marina"]
[Black "Baratta, Giuseppe"]
[Result "1-0"]
[WhiteElo "1202"]
[BlackElo "1000"]
[PlyCount "95"]

1. e4 e5 2. Nf3 Nc6 3. Bb5 Bc5 4. O-O d6 5. c3 a6 6. Bxc6+ bxc6 7. d4 exd4 8.
Nxd4 Ne7 9. Bg5 O-O 10. Nd2 Bd7 11. N2f3 h6 12. Bh4 Rb8 13. Nb3 Be6 14. Nxc5
dxc5 15. Qxd8 Rbxd8 16. Bxe7 Bc4 17. Rfe1 Rfe8 18. Bxd8 Rxd8 19. b3 Bd3 20. Ne5
Bc2 21. Nxc6 Rd6 22. Na5 Rb6 23. Nc4 Re6 24. e5 Bd3 25. Nb2 Bb5 26. c4 Bc6 27.
Nd3 f6 28. exf6 Re8 29. Nxc5 gxf6 30. Nxa6 Kh8 31. Nxc7 Rg8 32. g3 h5 33. Ne6
h4 34. Nd4 Ba8 35. Nf5 hxg3 36. fxg3 Rg5 37. Nh4 f5 38. Re8+ Kh7 39. Rxa8 f4
40. Nf3 Rg7 41. Kf2 fxg3+ 42. hxg3 Rg8 43. Rh1+ Kg7 44. Rxg8+ Kxg8 45. Rd1 Kg7
46. c5 Kf7 47. c6 Ke8 48. c7 1-0